000 00395nam a22001457a 4500
999 _c15342
_d15342
082 _a631.37
_bPHI/ST
100 _aPHILIP, GEETHA SUSAN
_93016
245 _aStudies on selected manually operated pumps
260 _aTavanur
_bKelappaji college of Agricultural Engineering and Technology
_c1990
300 _a112
500 _athesis
520 _athesis
650 _athesis
_92982
942 _cTH